| 000 | 00515nmm a2200169Ia 4500 | ||
|---|---|---|---|
| 008 | 251105s9999||||xx |||||||||||||||||und|| | ||
| 020 | _a9788497427272 | ||
| 041 | _aspa | ||
| 100 | _aEgido León, Ángeles (Ed.) | ||
| 245 | 0 | _aManuel Azaña : el hombre, el intelectual y el político | |
| 264 |
_a[Madrid, España] : _bBiblioteca Nueva, _c2007 |
||
| 300 | _a251 páginas | ||
| 490 | _aHistoria Biblioteca Nueva | ||
| 650 | _aBiography | ||
| 856 | _uhttps://public.digitaliapublishing.com/a/4770 | ||
| 942 | _cCF | ||
| 999 |
_c90358 _d90358 |
||